| 000 | 00658cam a2200193 i 4500 | ||
|---|---|---|---|
| 001 | 41556 | ||
| 003 | Mx-PuUPA | ||
| 005 | 20260116115248.0 | ||
| 008 | 140415s1998 000 0 spa d | ||
| 040 | _cMx-PuUPA | ||
| 041 | _aspa | ||
| 082 | 0 | 4 |
_axx _bxx _223 |
| 245 |
_aLa teoria política en américa latina : _bun mapa de navegación a través de sus cartógrafos / _cIsrael Covarrubias (Coordinador) |
||
| 264 | 1 |
_aCiudad de México : _bTirant Lo Blanch, _c©2022 |
|
| 300 |
_a383 páginas ; _c22 cm |
||
| 700 | 1 |
_aCovarrubias Israel, _ecoordinador |
|
| 942 |
_2ddc _cLI _hxx _ixx |
||
| 999 |
_c41556 _d41556 |
||